000 00612nam a2200229Ia 4500
003 OSt
005 20220928121946.0
006 a|||||r|||| 00| 0
007 ta
008 220927b |||||||| |||| 00| 0 eng d
024 _a32373
037 _cTextual
040 _aSDCL
_cSDCL
_beng
041 _2eng
_aeng
082 _aG9X:(L:5238), M7
100 _aKnorr Dietrich Ed.
_9455021
245 0 _aFood biotechnology.
260 _aNew York
_b Marcel Dekker
_c1987
300 _axiii,613p
_ccm.
942 _hG9X:(L:5238), M7
_cTEXL
_2CC
999 _c768711
_d768711